00671nam a2200193 i 450000100060000000300090000600500170001500700030003200800410003510000260007624500930010226000430019530000210023849000200025983000280027985200320030799900170033995201210035679912ES-MaACL20230906174059.0t|041025s1940 gw ||||1| ger d1 aHess, Gerhard.96345710aKeibniz korrespondiert mit Paris b: eirleitung und übertragungen /cvon Gerhard Hess. aHamburg : bHoffmann u Campe, c[1940] a93 p. ; c18 cm.1 aGestiges Europa0 aGestiges Europa9183638 aES-MaACLjF-15541 bR.19103 c79912d79912 00104070aATENEOMbATENEOMcSPP2d2008-01-17eSCl0oF-15541p1083557r2023-02-23 00:00:00w2023-02-23yMONOGRAFIA